000 00344nam a2200133Ia 4500
008 231129s9999||||xx |||||||||||||| ||spa||
020 _a84-206-1786-5
040 _bspa
082 _aEU813 L897en
100 _aLovecraft Howard Philips
245 0 _aEn la cripta
264 _aAlianza
942 _2ddc
_cBKS
999 _c12890
_d12890